[Event "Mistrzostwa Polski Juniorow Mlodszych do lat 14 - OOM Zachodniopomorskie 2023"]
[Site "Darlowek"]
[Date "1899-12-30"]
[Round "1.23"]
[White "Zareba, Piotr"]
[Black "Zielen, Stanislaw"]
[Result "1/2-1/2"]
[WhiteTitle "I+"]
[BlackTitle "II+"]
[WhiteElo "1690"]
[BlackElo "1356"]

1. e4 c5 2. Nc3 Nc6 3. Bb5 Nd4 4. Bc4 e6 5. Nge2 Ne7 6. O-O d5 7. exd5 exd5 8.
Bb3 Nxb3 9. axb3 d4 10. Nb5 Qb6 11. Na3 Ng6 12. d3 Be7 13. Nf4 Nxf4 14. Bxf4 O-O
15. Re1 Be6 16. Qf3 Bf6 17. Nb1 Rad8 18. Nd2 Bd5 19. Qg3 Rd7 20. Ne4 a6 21. Bd6
Be7 22. Be5 Qg6 23. f3 Qxg3 24. hxg3 Bxe4 25. Rxe4 f5 26. Re2 g5 27. Kf2 Re8 28.
Rh1 Bd6 29. Rhe1 Bf8 30. Bf6 Rxe2+ 31. Rxe2 h6 32. Re5 Kf7 33. Rxf5 Kg6 34. g4
Rf7 35. Bd8 Rxf5 36. gxf5+ Kxf5 37. g4+ Ke6 38. Bc7 Bd6 39. Bb6 Kd5 40. Bd8 Ke6
41. Ba5 Kd7 42. Bd2 Ke6 43. Ba5 Bf4 44. Bb6 Bd6 45. b4 Kd5 46. bxc5 Bxc5 47. Bd8
Ke6 48. Bc7 Bd6 49. Bb6 Kd5 50. Ke2 Be5 51. Ba5 b5 52. Kd2 Bf4+ 53. Kd1 Be5 54.
Kc1 Bd6 55. Kb1 Ke5 56. Bd2 Kd5 57. Ka2 Bc7 58. Kb3 a5 59. Be1 Bd8 60. Bg3 Ke6
61. f4 gxf4 62. Bxf4 Bg5 63. Bc7 Bd2 64. c4 dxc3 65. bxc3 a4+ 66. Kc2 Bg5 67.
Kb2 Kd5 68. Bg3 Bf6 69. Be1 b4 70. d4 bxc3+ 71. Kxc3 Bxd4+ 72. Kb4 Be3 73. Kxa4
Ke4 74. Kb3 Kf4 75. Kc3 Kxg4 76. Kd3 Kf3 77. Bc3 Bf4 78. Bg7 h5 79. Bf6 1/2-1/2

[Event "Mistrzostwa Polski Juniorow Mlodszych do lat 14 - OOM Zachodniopomorskie 2023"]
[Site "Darlowek"]
[Date "1899-12-30"]
[Round "1.24"]
[White "Wolski, Ernest"]
[Black "Przybylski, Jan"]
[Result "0-1"]
[WhiteTitle "II"]
[BlackTitle "I+"]
[WhiteElo "1317"]
[BlackElo "1671"]

1. e4 e5 2. d4 exd4 3. Qxd4 Nc6 4. Qe3 Nf6 5. Bd2 d6 6. Nc3 Be6 7. a3 g6 8. h3
Bg7 9. O-O-O O-O 10. f4 Re8 11. Bd3 d5 12. Nf3 d4 13. Qf2 dxc3 14. Bxc3 Qe7 15.
g4 Nxe4 16. Bxe4 Bxc3 17. bxc3 Qxa3+ 18. Kd2 Rad8+ 19. Bd3 Qd6 20. Nh4 Bc4 21.
Nf5 gxf5 22. Qg3 Kh8 23. g5 Bxd3 24. cxd3 Qe6 25. Rhe1 Qa2+ 26. Kc1 Na5 27. Rxe8+
Rxe8 0-1

[Event "Mistrzostwa Polski Juniorow Mlodszych do lat 14 - OOM Zachodniopomorskie 2023"]
[Site "Darlowek"]
[Date "1899-12-30"]
[Round "1.25"]
[White "Kowalski, Witold"]
[Black "Werblinski, Wojciech"]
[Result "0-1"]
[WhiteTitle "I+"]
[BlackTitle "II"]
[WhiteElo "1662"]
[BlackElo "1253"]

1. d4 d5 2. c4 e6 3. Nf3 Nf6 4. g3 Be7 5. Bg2 O-O 6. O-O b6 7. Nbd2 Bb7 8. Qc2
Nbd7 9. Rd1 Rc8 10. cxd5 exd5 11. Qa4 a5 12. Ne5 Nxe5 13. dxe5 Qe8 14. Qc2 Nd7
15. Nf3 Bc5 16. Ng5 g6 17. Bh3 Nxe5 18. Bxc8 Qxc8 19. Nf3 Ng4 20. Nd4 Ba6 21.
a3 Re8 22. e3 Ne5 23. Kg2 Qg4 24. f3 Qh5 25. g4 Qh4 26. b4 Bxd4 27. Rxd4 Nxf3
28. Kxf3 Qh3+ 29. Kf4 g5+ 30. Kxg5 Rxe3 31. Bxe3 Qxe3+ 32. Rf4 h6+ 33. Kxh6 Qxf4+
34. Kh5 Qe5+ 35. Qf5 Qxa1 36. Qxd5 Qh8+ 37. Kg5 Qg7+ 38. Kf4 Qf6+ 39. Ke4 Qe6+
40. Qxe6 fxe6 41. Ke5 Kf7 42. h4 axb4 43. axb4 Be2 44. g5 Bg4 45. Kf4 Bh5 46.
Ke5 c5 47. bxc5 bxc5 48. Ke4 Kg6 49. Ke5 Bg4 50. h5+ Kxh5 51. Kf6 Bf5 52. g6 Bxg6
53. Ke5 c4 54. Kd4 Bd3 55. Ke3 e5 56. Kd2 Kg4 57. Ke3 e4 58. Kd2 Kf3 59. Kd1 c3
60. Ke1 e3 0-1

[Event "Mistrzostwa Polski Juniorow Mlodszych do lat 14 - OOM Zachodniopomorskie 2023"]
[Site "Darlowek"]
[Date "1899-12-30"]
[Round "2.1"]
[White "Dobosiewicz, Dawid"]
[Black "Cieslak, Patryk"]
[Result "0-1"]
[WhiteTitle "I+"]
[BlackTitle "FM"]
[WhiteElo "1872"]
[BlackElo "2319"]

1. c4 Nf6 2. g3 c6 3. Bg2 d5 4. b3 e5 5. Bb2 Bd6 6. cxd5 cxd5 7. Nc3 Be7 8. e3
O-O 9. d4 e4 10. Nge2 Nc6 11. O-O Bd6 12. f3 exf3 13. Bxf3 Bh3 14. Re1 Re8 15.
Qd2 Ne4 16. Nxe4 dxe4 17. Bg2 Bxg2 18. Kxg2 Qg5 19. d5 Ne7 20. Rad1 Nf5 21. Nd4
Nxd4 22. Qxd4 h5 23. Qd2 h4 24. Qf2 hxg3 25. hxg3 Rac8 26. Re2 f6 27. Red2 Kf7
28. Rh1 Rh8 29. Rg1 Qg4 30. Kf1 Rh5 31. Qe2 Rf5+ 32. Ke1 Qg5 33. g4 Bb4 34. Rg2
Rxd5 35. Bd4 Rxd4 0-1

[Event "Mistrzostwa Polski Juniorow Mlodszych do lat 14 - OOM Zachodniopomorskie 2023"]
[Site "Darlowek"]
[Date "1899-12-30"]
[Round "2.2"]
[White "Sowinski, Pawel"]
[Black "Olszewski, Antoni"]
[Result "1-0"]
[WhiteTitle "FM"]
[BlackTitle "II+"]
[WhiteElo "2313"]
[BlackElo "1821"]

1. e4 d5 2. exd5 Qxd5 3. Nc3 Qd6 4. d4 Nf6 5. Nf3 g6 6. g3 Bg7 7. Bf4 Qb6 8. Ne5
Be6 9. Na4 Qa5+ 10. c3 Nbd7 11. Bg2 c6 12. O-O O-O 13. Re1 Rfe8 14. h4 Nh5 15.
Nd3 Bc4 16. b4 Qb5 17. Nab2 Bxd3 18. a4 Qb6 19. a5 Qb5 20. Nxd3 e5 21. Nxe5 Nxe5
22. dxe5 Qc4 23. Qd4 Qe6 24. Qe3 Nxf4 25. gxf4 Qc4 26. Bf1 Qe6 27. Bh3 Qe7 28.
Qg3 Rad8 29. h5 gxh5 30. Bf5 f6 31. e6 Rd5 32. Qh3 Bh6 33. Qxh5 Red8 34. c4 Rd4
35. Qxh6 Kh8 36. Ra3 1-0

[Event "Mistrzostwa Polski Juniorow Mlodszych do lat 14 - OOM Zachodniopomorskie 2023"]
[Site "Darlowek"]
[Date "1899-12-30"]
[Round "2.3"]
[White "Rekuc, Patryk"]
[Black "Warchol, Kamil"]
[Result "0-1"]
[WhiteTitle "I"]
[BlackTitle "FM"]
[WhiteElo "1852"]
[BlackElo "2103"]

1. e4 c5 2. Nf3 d6 3. Bb5+ Nd7 4. Ba4 Ngf6 5. O-O g6 6. Re1 Bg7 7. c3 O-O 8. d4
Qc7 9. h3 a6 10. Bg5 b5 11. Bc2 Bb7 12. Nbd2 e6 13. Rc1 Rac8 14. Bf4 e5 15. Bh2
Rfe8 16. d5 c4 17. b4 cxb3 18. Bxb3 Nc5 19. Qe2 a5 20. Bc2 Ba6 21. Qe3 Kh8 22.
g4 h5 23. g5 Nfd7 24. Nh4 Nb6 25. Nb1 Nca4 26. Bd3 Qc5 27. Qf3 Kg8 28. Nf5 gxf5
29. exf5 f6 30. gxf6 Bxf6 31. Qxh5 Qc7 32. Kh1 Qh7 33. Rg1+ Kh8 34. Qg6 Nd7 35.
h4 Rg8 36. Qxh7+ Kxh7 37. Rg6 Nac5 38. Bc2 Bb7 39. c4 bxc4 40. Nc3 Nd3 41. Rb1
Ba8 42. Ba4 N3c5 43. Bc2 Rxg6 44. fxg6+ Kg7 45. Rb5 e4 46. Nxe4 Bxd5 47. f3 Bxe4
48. fxe4 Be5 49. Rxa5 Rh8 50. Bxe5+ Nxe5 51. Rb5 Rxh4+ 52. Kg2 Rg4+ 53. Kf2 Rxg6
54. Rb6 Kf7 55. a4 Ke7 56. a5 Rg8 57. Ke3 Ra8 58. Rb5 Nc6 59. Rb6 Kd7 60. Bd1
Rxa5 0-1

[Event "Mistrzostwa Polski Juniorow Mlodszych do lat 14 - OOM Zachodniopomorskie 2023"]
[Site "Darlowek"]
[Date "1899-12-30"]
[Round "2.4"]
[White "Nowakowski, Maksymilian"]
[Black "Komendecki, Antoni"]
[Result "0-1"]
[WhiteTitle "I"]
[BlackTitle "I++"]
[WhiteElo "1788"]
[BlackElo "1999"]

1. d4 Nf6 2. c4 e6 3. g3 b6 4. Bg2 d5 5. Nf3 Ba6 6. Nbd2 Be7 7. Ne5 O-O 8. O-O
c5 9. dxc5 bxc5 10. Qc2 Bb7 11. Nb3 Qc7 12. Nd3 Nbd7 13. f4 dxc4 14. Qxc4 Bxg2
15. Kxg2 Nb6 16. Qc2 Qb7+ 17. Kg1 c4 18. Na5 cxd3 0-1

[Event "Mistrzostwa Polski Juniorow Mlodszych do lat 14 - OOM Zachodniopomorskie 2023"]
[Site "Darlowek"]
[Date "1899-12-30"]
[Round "2.5"]
[White "Zmarzly, Wiktor"]
[Black "Ratajczak, Hubert"]
[Result "1/2-1/2"]
[WhiteTitle "I+"]
[BlackTitle "I"]
[WhiteElo "1763"]
[BlackElo "1972"]

1. e4 c5 2. Nf3 e6 3. b3 a6 4. Bb2 Nc6 5. g3 d5 6. exd5 exd5 7. Bg2 Qe7+ 8. Qe2
Qxe2+ 9. Kxe2 f6 10. Nc3 Be6 11. Rae1 O-O-O 12. Kd1 Bf7 13. Bh3+ Kc7 14. Be6 Nh6
15. Bxf7 Nxf7 16. Ne2 Bd6 17. d4 c4 18. Bc1 g5 19. bxc4 dxc4 20. h4 h6 21. hxg5
fxg5 22. Nd2 b5 23. Ne4 Be7 24. Be3 Nfe5 25. Kc1 Nf3 26. Rd1 Rhe8 27. Nc5 Bxc5
28. dxc5 Rxd1+ 29. Rxd1 Re6 30. Nc3 Nce5 31. Nd5+ Kb7 32. Kb2 a5 33. Nc3 Kc6 34.
a4 b4 35. Nb5 h5 36. Rd8 h4 37. gxh4 gxh4 38. Rc8+ Kd7 39. Rc7+ Kd8 40. Rh7 Re7
41. Rh6 Ng4 42. Rd6+ Rd7 43. c6 c3+ 44. Ka2 Rxd6 45. Bb6+ Ke7 46. Bc5 b3+ 47.
cxb3 c2 48. Bxd6+ Kf7 49. Kb2 Ne1 50. c7 Nxf2 51. Bf4 Nfd3+ 52. Ka2 Nxf4 53. c8=Q
Ned3 54. Qf5+ Kg7 55. Qg5+ Kf8 56. Qh6+ Kg8 57. Qg5+ Kf8 58. Qf5+ Kg8 1/2-1/2

[Event "Mistrzostwa Polski Juniorow Mlodszych do lat 14 - OOM Zachodniopomorskie 2023"]
[Site "Darlowek"]
[Date "1899-12-30"]
[Round "2.6"]
[White "Lecki, Leonard"]
[Black "Karwot, Marek"]
[Result "1-0"]
[WhiteTitle "I+"]
[BlackTitle "II+"]
[WhiteElo "1962"]
[BlackElo "1597"]

1. e4 c5 2. Nf3 d6 3. d4 cxd4 4. Nxd4 Nf6 5. Nc3 g6 6. Be3 Bg7 7. f3 O-O 8. Qd2
Nc6 9. g4 Be6 10. Nxe6 fxe6 11. O-O-O Ne5 12. Be2 Qc8 13. Bd4 Nc6 14. Bg1 Ne5
15. Nb5 Nfd7 16. Nd4 Nc4 17. Qc3 Bh6+ 18. Kb1 Nd2+ 19. Ka1 Qxc3 20. bxc3 Nc5 21.
h4 Bf4 22. Bh2 Be3 23. Bg1 Bf4 24. Bf2 a6 25. Be1 e5 26. Bxd2 Bxd2 27. Rxd2 exd4
28. cxd4 Nd7 29. Bc4+ Kg7 30. Be6 Nb8 31. Rd3 Nc6 32. Rb1 Rab8 33. Rb6 Rfd8 34.
Bd5 Rdc8 35. Be6 Rd8 36. Bd5 Rdc8 37. Kb2 Nd8 38. Rdb3 Rc7 39. e5 Rbc8 40. Bxb7
Rxc2+ 41. Ka3 Nxb7 42. Rxb7 Kf8 43. exd6 exd6 44. Rxh7 Kg8 45. Rd7 a5 46. Rxd6
a4 47. Kxa4 Rxa2+ 48. Kb5 Kg7 49. d5 Rc7 50. Rc6 Rd7 51. d6 Rd2 52. Kc5 Kf6 53.
Rb4 g5 54. hxg5+ Kxg5 55. Rd4 Ra2 56. Rc7 Rc2+ 57. Kb6 Rb2+ 58. Kc6 Rd8 59. d7
Rbb8 60. Rd5+ 1-0

[Event "Mistrzostwa Polski Juniorow Mlodszych do lat 14 - OOM Zachodniopomorskie 2023"]
[Site "Darlowek"]
[Date "1899-12-30"]
[Round "2.7"]
[White "Przybylski, Jan"]
[Black "Pycinski, Wladyslaw"]
[Result "0-1"]
[WhiteTitle "I+"]
[BlackTitle "I"]
[WhiteElo "1671"]
[BlackElo "1942"]

1. e4 c5 2. Nf3 g6 3. d4 cxd4 4. Nxd4 Nc6 5. Nc3 Bg7 6. Be3 Nf6 7. Bc4 O-O 8. Bb3
d6 9. f3 Bd7 10. Qd2 Nxd4 11. Bxd4 b5 12. h4 a5 13. h5 e6 14. hxg6 hxg6 15. a4
bxa4 16. Bxa4 Bxa4 17. Nxa4 Qc7 18. O-O-O Rab8 19. Bc3 Qc6 20. b3 d5 21. e5 Nd7
22. Qe3 Rfc8 23. Rd2 Nb6 24. Nxb6 Qxc3 25. Qxc3 Rxc3 26. Na4 Rcc8 27. Kb1 Bxe5
28. Re2 Bf6 29. Ka2 Kg7 30. g4 Rh8 31. Reh2 Rxh2 32. Rxh2 Rb4 33. Nc5 Rf4 34.
Rf2 Bd4 35. Nd3 Bxf2 36. Nxf4 Kf6 37. Nd3 Bb6 38. c4 dxc4 39. bxc4 Bc7 40. Kb3
Kg5 41. Kc3 a4 42. Kb4 Kh4 43. Kxa4 Kg3 44. Kb5 Kxf3 45. Kc6 Bg3 46. Kd7 e5 47.
g5 e4 48. Nb4 e3 49. Ke7 e2 50. Nc2 Kg4 51. Kxf7 Kxg5 52. c5 e1=Q 53. Nxe1 Bxe1
54. c6 Bg3 0-1

[Event "Mistrzostwa Polski Juniorow Mlodszych do lat 14 - OOM Zachodniopomorskie 2023"]
[Site "Darlowek"]
[Date "1899-12-30"]
[Round "2.8"]
[White "Uhryn, Lukasz"]
[Black "Liskiewicz, Jakub"]
[Result "0-1"]
[WhiteTitle "I"]
[BlackTitle "I++"]
[WhiteElo "1455"]
[BlackElo "1902"]

1. e4 c6 2. d4 d5 3. e5 Bf5 4. Nf3 e6 5. Be3 Qb6 6. Qc1 c5 7. c3 Nc6 8. Nbd2 Rc8
9. b3 cxd4 10. Nxd4 Nxd4 11. Bxd4 Bc5 12. Nf3 Bg4 13. Qd2 Bxf3 14. gxf3 Bxd4 15.
Qxd4 Qa5 16. b4 Qa3 17. Bb5+ Kf8 18. O-O Rxc3 19. Rfb1 g6 20. Rb3 Rxb3 21. axb3
Qxb3 22. Rxa7 Qxf3 23. Rxb7 Kg7 24. Bd7 Qf5 25. b5 h5 26. h4 Nh6 27. b6 g5 28.
Rc7 Qb1+ 29. Kg2 Nf5 30. Qc3 Nxh4+ 31. Kh2 Qxb6 32. Rc5 Qb1 33. Qg3 Qf5 34. Bb5
Nf3+ 35. Kg2 g4 36. Be2 h4 0-1

[Event "Mistrzostwa Polski Juniorow Mlodszych do lat 14 - OOM Zachodniopomorskie 2023"]
[Site "Darlowek"]
[Date "1899-12-30"]
[Round "2.9"]
[White "Bochniak, Franciszek"]
[Black "Futyma, Dawid"]
[Result "0-1"]
[WhiteTitle "I++"]
[BlackTitle "I"]
[WhiteElo "1884"]
[BlackElo "1519"]

1. e4 c6 2. d4 d5 3. e5 Bf5 4. Nd2 e6 5. Nb3 Nd7 6. Nf3 Be7 7. Be2 f6 8. Bf4 fxe5
9. Nxe5 Nxe5 10. Bxe5 Nf6 11. O-O O-O 12. Bd3 Bxd3 13. Qxd3 b6 14. Qh3 Qd7 15.
Rfe1 Rae8 16. Re2 Bd6 17. Rae1 Bxe5 18. Rxe5 Kf7 19. Nd2 Re7 20. Nf3 h6 21. g4
Nh7 22. Nh4 Ng5 23. Rxg5 hxg5 24. Ng6 Kxg6 25. Qh5+ Kf6 26. f4 g6 27. Qh6 Rg8
28. f5 Rh7 29. Rxe6+ Qxe6 30. Qxh7 Qf7 31. Qh3 Re8 32. Qg3 Qe7 33. Qc3 Qe1+ 34.
Kg2 Qxc3 0-1

[Event "Mistrzostwa Polski Juniorow Mlodszych do lat 14 - OOM Zachodniopomorskie 2023"]
[Site "Darlowek"]
[Date "1899-12-30"]
[Round "2.10"]
[White "Werblinski, Wojciech"]
[Black "Suska, Szymon"]
[Result "0-1"]
[WhiteTitle "II"]
[BlackTitle "I"]
[WhiteElo "1253"]
[BlackElo "1879"]

1. e4 c5 2. Nf3 Nc6 3. d4 cxd4 4. Nxd4 g6 5. Nc3 Bg7 6. Be3 d6 7. Qd2 Nf6 8. f3
O-O 9. O-O-O Bd7 10. g4 Rc8 11. h4 Ne5 12. h5 Nc4 13. Bxc4 Rxc4 14. hxg6 fxg6
15. Bh6 Nxe4 16. Nxe4 Rxd4 17. Qh2 Be5 18. Qh3 Rxd1+ 19. Kxd1 Rf7 20. Ng5 Qe8
21. Nxf7 Qxf7 22. Bc1 Bc6 23. Rf1 Qd5+ 24. Ke1 Qxa2 25. Rh1 Qf7 26. Kf2 Bd4+ 27.
Be3 Bxb2 28. Bxa7 Be5 29. Be3 Ba4 30. g5 e6 31. Qg4 Bc6 32. c4 Qf5 33. Qxf5 gxf5
34. Rh6 Bd7 35. f4 Bg7 36. Rh1 Bc6 37. Rd1 d5 38. cxd5 Bxd5 39. Rc1 Bc6 40. Rd1
Kf7 41. Bc5 Bd5 42. Ke3 h6 43. gxh6 Bxh6 44. Bd6 Ke8 45. Be5 Kd7 46. Rc1 Bc6 47.
Rd1+ Ke8 48. Kd4 Bf8 49. Ra1 Kd7 50. Ra8 Bb4 51. Rg8 Bd5 52. Rg7+ Kc6 53. Rc7+
Kb5 54. Rc1 Be4 55. Ra1 b6 56. Bc7 Kc6 57. Kc4 Bc5 58. Be5 b5+ 59. Kc3 b4+ 60.
Kd2 Kb5 61. Rc1 Bb6 62. Bb2 Ka4 63. Rc8 Kb3 64. Be5 Ka4 65. Rc1 Kb5 66. Rc8 Ba5
67. Kc1 Ka4 68. Kb2 Bd5 69. Bd4 b3 70. Rc1 Bb4 71. Ra1+ Kb5 72. Rc1 Bd6 73. Be3
Bc4 74. Rd1 Bd5 75. Rc1 Ka4 76. Ra1+ Kb4 77. Rc1 e5 78. Bd2+ Kb5 79. fxe5 Bxe5+
80. Bc3 Bd6 81. Bd4 f4 82. Rc8 Ka4 83. Re8 f3 84. Re1 Ba3+ 85. Kc3 Bb4+ 0-1

[Event "Mistrzostwa Polski Juniorow Mlodszych do lat 14 - OOM Zachodniopomorskie 2023"]
[Site "Darlowek"]
[Date "1899-12-30"]
[Round "2.11"]
[White "Zielonka, Adam"]
[Black "Zareba, Piotr"]
[Result "1-0"]
[WhiteTitle "I++"]
[BlackTitle "I+"]
[WhiteElo "2100"]
[BlackElo "1690"]

1. e4 c6 2. Nf3 d5 3. Nc3 dxe4 4. Nxe4 Bf5 5. Ng3 Bg4 6. Be2 Bxf3 7. Bxf3 Nf6 8.
O-O e6 9. d4 Bd6 10. c4 O-O 11. Be3 Qc7 12. Qd2 Nbd7 13. b4 a5 14. a3 axb4 15.
axb4 Rxa1 16. Rxa1 b5 17. Rc1 Qb7 18. cxb5 Qxb5 19. Bxc6 Qxb4 20. Qxb4 Bxb4 21.
Rb1 Bd6 22. Rb7 Rd8 23. f3 Bxg3 24. hxg3 Nf8 25. Kf2 Nd5 26. Bd2 h6 27. Ba5 Rd6
28. Be8 f5 29. Bf7+ Kh7 30. Rb8 Nd7 31. Rd8 N5f6 32. Bc7 Rxd4 33. Bxe6 Rd2+ 34.
Ke1 Rb2 35. Bxf5+ g6 36. Bxd7 Rb7 37. Be5 Nxd7 38. Rh8# 1-0

[Event "Mistrzostwa Polski Juniorow Mlodszych do lat 14 - OOM Zachodniopomorskie 2023"]
[Site "Darlowek"]
[Date "1899-12-30"]
[Round "2.12"]
[White "Jasiulewicz, Dawid"]
[Black "Jagodzinski, Jaromir"]
[Result "1/2-1/2"]
[WhiteTitle "I"]
[BlackTitle "II+"]
[WhiteElo "1927"]
[BlackElo "1473"]

1. Nf3 d5 2. e3 Nf6 3. c4 e6 4. b3 Be7 5. Bb2 O-O 6. Be2 c5 7. O-O Nc6 8. cxd5
Nxd5 9. Nc3 Bf6 10. Rc1 Ndb4 11. Na4 b6 12. a3 Nd5 13. d4 Qe7 14. e4 Nf4 15. e5
Bg5 16. Nxg5 Qxg5 17. Bf3 Ba6 18. g3 Nh3+ 19. Kh1 Bxf1 20. Qxf1 Rac8 21. Bxc6
Nxf2+ 22. Qxf2 Rxc6 23. dxc5 Rd8 24. Rc2 bxc5 25. Nxc5 h6 26. b4 h5 27. Kg2 h4
28. Qf4 Qg6 29. Rf2 hxg3 30. hxg3 Rc7 31. Bd4 Rd5 32. Qe3 Rc8 33. Rd2 Rcd8 34.
Ne4 a6 35. Nd6 f6 36. Nb7 Rb8 37. exf6 e5 38. Nc5 Rxd4 39. Rxd4 exd4 40. Qxd4
Qc2+ 41. Kf3 Qf5+ 42. Qf4 Qxf4+ 43. Kxf4 a5 44. Nd7 axb4 45. axb4 Rxb4+ 46. Kg5
gxf6+ 1/2-1/2

[Event "Mistrzostwa Polski Juniorow Mlodszych do lat 14 - OOM Zachodniopomorskie 2023"]
[Site "Darlowek"]
[Date "1899-12-30"]
[Round "2.13"]
[White "Kraczek, Cezary"]
[Black "Gawlik, Olivier"]
[Result "1-0"]
[WhiteTitle "I"]
[BlackTitle "II+"]
[WhiteElo "1720"]
[BlackElo "1412"]

1. Nf3 d5 2. g3 Nf6 3. Bg2 c5 4. O-O Nc6 5. d4 cxd4 6. Nxd4 e5 7. Nxc6 bxc6 8.
c4 Be7 9. Nc3 Bb7 10. cxd5 cxd5 11. Bg5 e4 12. Qb3 Qb6 13. Rfd1 Rd8 14. Be3 Qxb3
15. axb3 a6 16. Na4 O-O 17. Bc5 Rfe8 18. e3 Nd7 19. b4 f5 20. Bf1 Bc6 21. Bxe7
Rxe7 22. Bxa6 Rb8 23. Nc3 Rxb4 24. Nxd5 Bxd5 25. Rxd5 g6 26. Rb5 Rxb5 27. Bxb5
Ne5 28. Kg2 Rb7 29. Ra5 Nd3 30. b3 Kg7 31. Bc4 Kf6 32. Rb5 Rxb5 33. Bxb5 Ne5 34.
h3 Ke6 35. Be2 h5 36. f4 Nd7 37. Bc4+ Kd6 38. Bf7 Nf8 39. b4 Kc6 40. Bc4 Kd6 41.
Kf2 Nd7 42. Ke2 Nf6 43. Bf7 Nd5 44. Bxg6 Ke6 45. Bxh5 Nxb4 46. g4 Nd5 47. Bg6
1-0

[Event "Mistrzostwa Polski Juniorow Mlodszych do lat 14 - OOM Zachodniopomorskie 2023"]
[Site "Darlowek"]
[Date "1899-12-30"]
[Round "2.14"]
[White "Butkiewicz, Jan"]
[Black "Jablonski, Antoni"]
[Result "0-1"]
[WhiteTitle "I"]
[BlackTitle "II+"]
[WhiteElo "1691"]
[BlackElo "1567"]

1. d4 Nf6 2. c4 e6 3. Nf3 Bb4+ 4. Nbd2 b6 5. a3 Bxd2+ 6. Bxd2 Bb7 7. e3 O-O 8.
Bd3 Ne4 9. Bc1 d6 10. Qc2 f5 11. O-O Nd7 12. b4 c5 13. Bb2 Ng5 14. Nd2 Nh3+ 15.
Kh1 Qh4 16. f3 Nf2+ 17. Kg1 Nxd3 18. Qxd3 Qe7 19. Nb3 Rad8 20. Rfd1 cxd4 21. exd4
e5 22. dxe5 Nxe5 23. Qc3 Rfe8 24. c5 Qg5 25. Kh1 d5 26. cxb6 axb6 27. f4 Qxg2+
28. Kxg2 d4+ 29. Kg3 dxc3 30. Bxc3 Nd3 31. Bd4 Be4 32. h4 Rd6 33. h5 Rh6 34. Nc1
Nxc1 35. Raxc1 Rxh5 36. Rc7 Rh6 37. Rxg7+ Kf8 38. Rc1 Ra8 39. Rc3 b5 40. Rd7 Ke8
41. Rg7 Rg6+ 42. Rxg6 hxg6 43. Kh4 Kd7 44. Kg5 Rc8 45. Bc5 Rc6 46. a4 bxa4 47.
b5 Rc8 48. Rc4 Ke6 49. Rc1 Kd5 50. Rd1+ Kc4 51. Be7 Kxb5 52. Kxg6 Rc6+ 53. Kg5
Re6 54. Bd6 Kc4 55. Be5 Kb3 56. Ra1 a3 57. Re1 Rc6 58. Ra1 Rc8 59. Re1 Rd8 60.
Ra1 Bc2 61. Kf6 a2 62. Kg5 Bb1 63. Bc7 Rc8 64. Be5 Kc4 65. Kf6 Kd5 66. Kg5 Ke4
67. Kh4 Rg8 68. Kh3 Rg4 69. Kh2 Rxf4 70. Bxf4 Kxf4 71. Kg2 Ke3 0-1

[Event "Mistrzostwa Polski Juniorow Mlodszych do lat 14 - OOM Zachodniopomorskie 2023"]
[Site "Darlowek"]
[Date "1899-12-30"]
[Round "2.15"]
[White "Zielen, Stanislaw"]
[Black "Haladaj, Adam"]
[Result "0-1"]
[WhiteTitle "II+"]
[BlackTitle "I"]
[WhiteElo "1356"]
[BlackElo "1614"]

1. d4 Nf6 2. c4 e6 3. Nf3 b6 4. Nc3 Bb4 5. e3 Bxc3+ 6. bxc3 Bb7 7. Bd3 O-O 8. O-O
Ne4 9. Qc2 f5 10. Nd2 Nxd2 11. Bxd2 d6 12. Rae1 Nd7 13. f3 h6 14. Re2 Qf6 15.
f4 Qf7 16. e4 fxe4 17. Bxe4 Bxe4 18. Qxe4 e5 19. Qc6 Rac8 20. Rfe1 Nb8 21. Qb5
a6 22. Qb1 exf4 23. Re7 Qf5 24. Qxf5 Rxf5 25. Re8+ Rf8 26. Rxc8 Rxc8 27. Bxf4
Nc6 28. d5 Na5 29. Re4 Kf7 30. Kf2 Re8 31. Rd4 Re7 32. Be3 Kf6 33. Ke2 g5 34.
h4 Kg6 35. hxg5 hxg5 36. Rg4 Re5 37. Kd3 Kh5 38. Rd4 Kh6 39. Rh4+ Kg6 40. Rg4
Kh5 41. Rd4 Kg6 42. Rg4 b5 43. cxb5 Rxd5+ 44. Rd4 Rxd4+ 45. Bxd4 axb5 46. Bh8
Nc4 47. Bd4 c5 48. Bg1 Kf5 49. Bf2 Ne5+ 50. Ke2 Ke4 51. Bg3 d5 52. Bf2 d4 53.
cxd4 cxd4 54. Be1 Nc4 0-1

[Event "Mistrzostwa Polski Juniorow Mlodszych do lat 14 - OOM Zachodniopomorskie 2023"]
[Site "Darlowek"]
[Date "1899-12-30"]
[Round "2.16"]
[White "Terkiewicz, Bruno"]
[Black "Grobelny, Mikolaj"]
[Result "1-0"]
[WhiteTitle "I++"]
[BlackTitle "I"]
[WhiteElo "1998"]
[BlackElo "1577"]

1. d4 d5 2. c4 e6 3. Nf3 a6 4. g3 Nf6 5. Bg2 dxc4 6. O-O Be7 7. a4 O-O 8. Qc2 Nbd7
9. Qxc4 Nb6 10. Qc2 Bd7 11. Ne5 Nfd5 12. a5 Nb4 13. Qb3 N6d5 14. e4 Nf6 15. Bd2
Nc6 16. Bc3 Ne8 17. Nd3 Nd6 18. Na3 Be8 19. Rfd1 Nb5 20. Nxb5 axb5 21. d5 exd5
22. exd5 Na7 23. d6 Bxd6 24. Nc5 Bc6 25. Nxb7 Bxb7 26. Bxb7 Rb8 27. a6 Qg5 28.
Rd5 Qg4 29. Bd4 Rxb7 30. axb7 Nc6 31. Bc3 b4 32. Qa4 Qc4 33. Rad1 Rb8 34. Rxd6
cxd6 35. Rxd6 Ne7 36. Qxb4 Qxb4 37. Bxb4 g6 38. Rd7 Nc6 39. Bd6 Re8 40. Rc7 Na7
41. Bc5 Nc6 42. Rxc6 Kg7 43. Rc8 Re1+ 44. Kg2 h5 45. b8=Q Rg1+ 46. Kxg1 h4 47.
Bd4+ f6 48. Rg8+ Kh6 49. Qf4+ g5 50. Qxf6+ Kh5 51. Qf3+ Kh6 52. Rh8+ Kg6 53. Qf6#
1-0

[Event "Mistrzostwa Polski Juniorow Mlodszych do lat 14 - OOM Zachodniopomorskie 2023"]
[Site "Darlowek"]
[Date "1899-12-30"]
[Round "2.17"]
[White "Wasiluk, Mateusz"]
[Black "Bartodziej, Bartosz"]
[Result "0-1"]
[WhiteTitle "II+"]
[BlackTitle "I"]
[WhiteElo "1570"]
[BlackElo "1936"]

1. e4 c5 2. Nf3 d6 3. Bb5+ Nd7 4. Ba4 Ngf6 5. O-O e6 6. Re1 Be7 7. c3 a6 8. d4
b5 9. Bc2 Bb7 10. Nbd2 Qc7 11. Nf1 O-O 12. Ng3 a5 13. Bf4 Rfc8 14. Rc1 b4 15.
e5 dxe5 16. dxe5 Nd5 17. Bd2 c4 18. Re4 Nf8 19. Qe2 Ba6 20. Nh5 Ng6 21. h4 Rd8
22. Nxg7 Kxg7 23. h5 Rab8 24. Rg4 bxc3 25. bxc3 Rg8 26. hxg6 hxg6 27. Nd4 Qd7
28. Rxg6+ fxg6 29. Bxg6 Kxg6 30. Qg4+ Kf7 31. Qh5+ Rg6 32. f4 Bc5 33. Re1 Bxd4+
34. cxd4 Ne7 35. d5 Qxd5 0-1

[Event "Mistrzostwa Polski Juniorow Mlodszych do lat 14 - OOM Zachodniopomorskie 2023"]
[Site "Darlowek"]
[Date "1899-12-30"]
[Round "2.18"]
[White "Kania, Franciszek"]
[Black "Prokopiuk, Jakub"]
[Result "1-0"]
[WhiteTitle "I"]
[BlackTitle "I"]
[WhiteElo "1875"]
[BlackElo "1562"]

1. e4 c5 2. Nf3 Nc6 3. d4 cxd4 4. Nxd4 Nf6 5. Nc3 d6 6. f3 e5 7. Nb3 Be7 8. Be3
O-O 9. Qd2 a5 10. Bb5 Be6 11. O-O-O Nb4 12. Kb1 d5 13. exd5 Nbxd5 14. Nxd5 Nxd5
15. Bc4 Nxe3 16. Qxe3 Qc8 17. Bxe6 Qxe6 18. Rhe1 Rfd8 19. Qe4 b6 20. Nc1 Bf6 21.
Ne2 Rac8 22. Nc3 g6 23. g3 Bg7 24. Qh4 Bf6 25. Qa4 Qf5 26. Qe4 Qxe4 27. Nxe4 Be7
28. a3 f5 29. Nc3 Rxd1+ 30. Nxd1 Rd8 31. Ne3 Rd4 32. c3 Rd2 33. Nc4 Rxh2 34. Nxb6
Rf2 35. Rxe5 Bd6 36. Rxa5 Rxf3 37. Nd5 Rxg3 38. Ra7 Be5 39. Re7 Bg7 40. a4 Rd3
41. Rd7 Rd1+ 42. Ka2 Re1 43. a5 Re6 44. Nc7 Re5 45. b4 Re1 46. Nd5 f4 47. a6 f3
48. a7 Re8 49. b5 f2 50. Ne3 Bf8 51. Nf1 Bc5 52. Rb7 Bxa7 53. Rxa7 Re1 54. Ng3
Re6 55. Ra4 Kg7 56. Rf4 Rb6 57. c4 h5 58. Rxf2 h4 59. Ne4 Kh6 60. Kb3 g5 61. Rf6+
Rxf6 62. Nxf6 h3 63. b6 Kg6 64. Ng4 Kh5 65. Nh2 g4 66. b7 g3 67. b8=Q 1-0

[Event "Mistrzostwa Polski Juniorow Mlodszych do lat 14 - OOM Zachodniopomorskie 2023"]
[Site "Darlowek"]
[Date "1899-12-30"]
[Round "2.19"]
[White "Rajlich, Vaclav"]
[Black "Niesyt, Michal"]
[Result "1-0"]
[WhiteTitle "I"]
[BlackTitle "I"]
[WhiteElo "1530"]
[BlackElo "1710"]

1. e4 c5 2. Nf3 d6 3. d4 cxd4 4. Nxd4 Nf6 5. Nc3 g6 6. Be3 Bg7 7. f3 O-O 8. Qd2
Nc6 9. O-O-O Nxd4 10. Bxd4 Be6 11. Kb1 Qc7 12. h4 Rfc8 13. h5 Qa5 14. hxg6 fxg6
15. a3 Rab8 16. g4 b5 17. g5 b4 18. Ne2 Nh5 19. Bxg7 Kxg7 20. Nd4 Bf7 21. Rxh5
gxh5 22. Bh3 Rc7 23. Nf5+ Kf8 24. g6 Bxg6 25. Qh6+ Ke8 26. Ng7+ Kd8 27. Rd5 Qb6
28. Ne6+ Kc8 29. Nc5+ Kd8 30. Qf8+ Be8 31. Ne6+ Kd7 32. Nxc7+ Kxc7 33. Qxe7+ Kc6
34. Rxd6+ 1-0